Debate agrario : análisis y alternativas /
Guardado en:
| Institution som forfatter: | |
|---|---|
| Format: | Bog |
| Sprog: | Spanish |
| Udgivet: |
Lima, Perú :
CEPES,
s.f.
|
| Fag: | |
| Tags: |
Tilføj Tag
Ingen Tags, Vær først til at tagge denne postø!
|
MARC
| LEADER | 00000nam a22000007a 4500 | ||
|---|---|---|---|
| 003 | cru IIS | ||
| 005 | 20220216112853.0 | ||
| 008 | 220216n pe |||p|r|||| 00| 0 spa d | ||
| 040 | |c cru IIS | ||
| 090 | |a REV0545 | ||
| 110 | 1 | |9 6801 |a Centro Peruano de Estudios Sociales, CEPES | |
| 245 | 1 | |a Debate agrario : |b análisis y alternativas / |c Centro Peruano de Estudios Sociales | |
| 260 | |a Lima, Perú : |b CEPES, |c s.f. | ||
| 270 | |a Ave. Salverry 818, Lima 11 | ||
| 500 | |a EXISTENCIAS PPS : 1990 (8) 1991 (10-12) 1992 (14-15) 1993 (16) | ||
| 650 | 0 | |9 2378 |a SECTOR AGROPECUARIO | |
| 650 | 4 | |9 2655 |a POLITICA ECONOMICA | |
| 650 | 0 | |9 1088 |a COMERCIALIZACION | |
| 650 | 4 | |9 1951 |a PRODUCCION AGROPECUARIA | |
| 650 | 0 | |9 632 |a ASPECTOS SOCIALES | |
| 650 | 0 | |9 3066 |a ASPECTOS POLITICOS | |
| 650 | 0 | |9 1511 |a TRABAJADORES AGRICOLAS | |
| 650 | 0 | |9 6025 |a EMPRESAS AGRICOLAS | |
| 650 | 0 | |9 398 |a TENENCIA DE LA TIERRA | |
| 650 | 0 | |9 4385 |a MODERNIZACION | |
| 942 | |2 ddc |c PP | ||
| 999 | |c 44093 |d 44093 | ||
